000 00590nam a2200241Ia 4500
003 OSt
005 20221005122927.0
006 a|||||r|||| 00| 0
007 ta
008 221004b |||||||| |||| 00| 0 tam d
024 _a48671
037 _cTextual
040 _aCRL
_cCRL
_btam
041 _2tam
_atam
082 _aO31,1NAR1,1, K5
100 _aArunachalam
_9228713
245 0 _aKavithai en raival
260 _c1965
300 _a170
_ccm.
650 _aTAMIL POETRY
942 _hO31,1NAR1,1, K5
_cTEXL
_2cc
999 _c1045812
_d1045812